| LEADER |
01318nam0a2200277 450 |
| 001 |
16867615 |
| 010 |
|
|
|a 978-2-8109-0912-4
|b br.
|d 13,9
|
| 100 |
|
|
|a 20210421d2021 u u0frey01 ba
|
| 101 |
0 |
|
|a fre
|
| 102 |
|
|
|a FR
|
| 200 |
0 |
|
|a puberté et moi (La)
|e l'essentiel pour la vivre sereinement
|f Sophie Bordet-Petillon
|g avec l'expertise du Pr Marie Rose Moro - illustrations d'Océane Meklemberg
|
| 207 |
|
1 |
|a
|
| 210 |
|
|
|a Rennes
|c Hygée éditions
|d 2021
|
| 215 |
|
|
|a 1 vol. (45 p.)
|c illustrations en couleur
|d 25 cm
|
| 225 |
1 |
|
|a T'inquiète, je gère !
|
| 300 |
|
|
|a Vidéogr. Sitogr. Bibliogr. Adresses utiles. Index
|
| 330 |
|
|
|a Les conseils d'une pédopsychiatre pour comprendre les bouleversements qui s'opèrent chez l'adolescent pendant la puberté. Douze questions ou idées reçues sont décryptées, avec des messages simples et des recommandations pour que l'adolescent vive cette période sereinement. Electre 2021
|
| 606 |
0 |
|
|a Puberté
|
| 608 |
|
|
|a Ouvrages pour la jeunesse
|
| 676 |
|
|
|a 612.6
|
| 700 |
|
0 |
|a Bordet-Petillon
|b Sophie
|f 1974-....
|4 70
|
| 702 |
|
0 |
|a Moro
|b Marie Rose
|4 205
|
| 702 |
|
0 |
|a Meklemberg
|b Océane
|f 1988-....
|4 440
|
| 900 |
|
|
|a Documentaire
|
| 901 |
|
|
|a Jeunesse
|
| 995 |
|
|
|a Médiathèque
|c Médiathèque
|f 00156011581980
|h 00156011581980
|k E 612.6 BOR
|o p
|q j
|r az
|e Médiathèque
|